02074nam a2200349 a 450000100100000000500170001000800410002702000180006804000250008608200190011110000340013024501540016426000480031830000200036649000670038650001070045350400730056059000250063365000590065865000580071765000490077571000550082471000840087983000710096391000370103495201320107195201320120395201320133595201170146795201230158499900170170700002935620250205124808.0110415s2008 dr 000 0 spa d a9789945865158 aDO-SdBNPbspacBNPHU a320.404bL479s1 aLozano, Wilfredod1950-9712610aSeparación de poderes y sistemas de control :blos poderes del estado en la reforma constitucional de la República Dominicana /cWilfredo Lozano. aSanto Domingo :bFLACSO :bCONARE,c[2008]. a69 p. ;c22 cm.1 aReforma y modernización del sistema político dominicanov1 aA la cabeza del título: Primer desayuno-panel Facultad Latinoamericana de Ciencias Sociales (FLACSO) aIncluye referencias bibliográficas y notas al pie de las páginas aInventariado,2018/DG 4aSeparación de podereszRepública Dominicana956228 4aDerecho constitucionalzRepública Dominicana956229 4aReforma legalzRepública Dominicana95623022aFacultad Latinoamericana de Ciencias Sociales929412aRepública Dominicana.bConsejo Nacional de Administración del Estado956231 0aReforma y modernización del sistema político dominicano931304 aValidado. Control de calidad MFF 001054708DSaGRbGRcHDd2011-04-28iLF1l0o320.404 L479sp29356-30r2020-06-25te. 3w2020-06-25yLFDSZPréstamo en sala 001054708DSaGRbGRcHDd2013-03-13iLF1l0o320.404 L479sp29356-40r2020-06-25te. 4w2020-06-25yLFDSZPréstamo en sala 001054708DSaGRbGRcHDd2013-03-13iLF1l0o320.404 L479sp29356-50r2020-06-25te. 5w2020-06-25yLFDSZPréstamo en sala 0010718PDaPDbPDcHDd2011-04-15iLF1l0o320.404 L479sp29356-10r2020-06-25w2020-06-25yLFPDZNo se presta 0010718PDaPDbPDcHDd2011-04-28iLF1l0o320.404 L479sp29356-20r2020-06-25te. 2w2020-06-25yLFPDZNo se presta c28848d28848